MARC

LEADER 00000nam0a2200000 4500
001 310717
005 20231102002321.0
020 |a RU  |b 82-18016 
035 |a (RuTPU)RU\TPU\book\336068 
090 |a 310717 
100 |a 20151127d1982 km y0rusy5003 ca 
101 0 |a rus 
102 |a RU 
105 |a c z 001zy 
200 1 |a Человек в трудовом коллективе  |f В. Г. Подмарков 
210 |a Москва  |c Экономика  |d 1982 
215 |a 175 с. 
320 |a Библиография в ссылках. 
606 1 |a Трудовые ресурсы  |x Управление  |2 stltpush  |3 (RuTPU)RU\TPU\subj\37115  |9 58255 
610 1 |a труд 
610 1 |a трудовой коллектив социалистический 
610 1 |a кадры 
610 1 |a интенсификация 
610 1 |a производство 
610 1 |a профессии 
610 1 |a развитой социализм 
610 1 |a урбанизация 
610 1 |a взаимоотношения 
610 1 |a социальное планирование 
686 |a У9(2)240  |2 rubbk 
700 1 |a Подмарков  |b В. Г.  |g Валентин Георгиевич  |4 070 
801 0 |a RU  |b RuMRKP  |c 19950704  |g psbo 
801 1 |a RU  |b 63413507  |c 20151127 
801 2 |a RU  |b 63413507  |c 20191002  |g RCR 
942 |c BK